A textbook of Optics/ (Record no. 167352)

MARC details
000 -LEADER
fixed length control field 00704nam a22002057a 4500
005 - DATE AND TIME OF LATEST TRANSACTION
control field 20220222120021.0
010 ## - LCCN (DPL NO)
LC control number ENG-126347
020 ## - INTERNATIONAL STANDARD BOOK NUMBER
International Standard Book Number 978-93-8676-156-9
Terms of availability 1995.00
035 ## - SYSTEM CONTROL NUMBER
System control number EN-109879
037 ## - SOURCE OF ACQUISITION
Source of stock number/acquisition DBAD/PUB
082 ## - DEWEY DECIMAL CLASSIFICATION NUMBER
Classification number 535
100 ## - MAIN ENTRY--PERSONAL NAME
Personal name Chandra, Suresh
245 ## - TITLE STATEMENT
Title A textbook of Optics/
Statement of responsibility, etc by Suresh Chandra [and] Mohit Kumar Sharma
260 ## - PUBLICATION, DISTRIBUTION, ETC. (IMPRINT)
Name of publisher, distributor, etc Ane Books Pvt. Ltd
Date of publication, distribution, etc 2018
Place of publication, distribution, etc New Delhi
270 ## - ADDRESS
Address 4821, Parwana Bhawan, 1st Floor, 24 Ansari Road, Darya Ganj
City New Delhi
Postal code 110002
Telephone number 23276843-44
Fax number 23276863
Electronic mail address kapoor@anebooks.com
300 ## - PHYSICAL DESCRIPTION
Extent 300p.
Dimensions 24cm(hb)
500 ## - GENERAL NOTE
General note Includes index and bibliography.
700 ## - ADDED ENTRY--PERSONAL NAME
Personal name Sharma, Kumar Mohit
942 ## - ADDED ENTRY ELEMENTS (KOHA)
Source of classification or shelving scheme Dewey Decimal Classification
Item type English Books
Classification part 535
Call number suffix CHA
Holdings
Withdrawn status Lost status Not for loan Collection code Home library Current library Date acquired Source of acquisition Cost, normal purchase price Full call number Barcode Copy number Cost, replacement price Koha item type
      Non-fiction Ashok Vihar Ashok Vihar 28/08/2019 DBAD/PUB 1995.00 535 CHA EN-109879 1 1995.00 English Books

© Delhi Public Library
Hit Counter
free hit counter